000 00575nam a22001697a 4500
005 20251108164305.0
008 250721s1986 xx 000 0 ara d
082 1 4 _a378.155/مدخ
245 1 0 _aمدخل إلى نظم التعلم المفتوح في التعليم العالي /
264 1 _aعمان :
_bجامعة القدس المفتوحة،
_c1986.
300 _a128ص : ببليوغرافيا
650 1 7 _aالتعليم العالي
650 1 7 _aالجامعات المفتوحة
650 1 7 _aالتعليم من بعد
942 _2ddc
_cBK
999 _c8490
_d8490